Cromatografía líquida de alta presión
Salvato in:
| Autori principali: | , |
|---|---|
| Natura: | Libro |
| Lingua: | spagnolo |
| Pubblicazione: |
Washington, D.C
Organización de los Estados Americanos, Secretaría General, Departamento de Asuntos Científicos, Programa Regional de Desarrollo Científico y Tecnológico
1980
|
| Edizione: | 2a. ed |
| Serie: | Serie de química: monografía, 10
|
| Soggetti: | |
| Tags: |
Aggiungi Tag
Nessun Tag, puoi essere il primo ad aggiungerne!!
|
MARC
| LEADER | 00000nam a2200000 a 4500 | ||
|---|---|---|---|
| 001 | UCW2641 | ||
| 003 | CL-VaPUC | ||
| 008 | 900831e19800000US |||||||||||||||||spa|d | ||
| 082 | 0 | 4 | |a 543.08 |b MCN |2 21 |
| 100 | |a McNair, Harold M. |e autor |9 552090 | ||
| 700 | 0 | |a Esquivel H., Benjamín |e author |9 306905 | |
| 245 | 1 | 0 | |a Cromatografía líquida de alta presión |
| 250 | |a 2a. ed | ||
| 300 | |a 72 p | ||
| 942 | |c BK | ||
| 945 | |d 19900831 00:00:00 | ||
| 260 | |a Washington, D.C |b Organización de los Estados Americanos, Secretaría General, Departamento de Asuntos Científicos, Programa Regional de Desarrollo Científico y Tecnológico |c 1980 | ||
| 650 | 0 | |a Cromatografía líquida |9 263939 | |
| 583 | |a last modification |c 19900831 00:00:00 |k Rodrigo Vera | ||
| 490 | 0 | |a Serie de química: monografía, 10 | |
| 999 | |c 217147 |d 217145 | ||
| 952 | |0 0 |1 0 |4 0 |6 543_080000000000000_MCN_1980 |7 0 |8 A |9 203842 |a BIBCUR |b BIBCUR |d 2019-11-15 |i 2710994 |o 543.08 MCN 1980 |p 2710994 |r 2025-04-22 |w 2019-11-15 |y BK |k QUI | ||